000 00919nam a22002777a 4500
005 20110726111150.0
008 110726t xxu||||| |||| 00| 0 eng d
010 _aENG-103132
020 _a9788180548659
_c495.00
035 _aEN-86665
037 _bDBAD / PUB
040 _adpl
_bEnglish
082 _a330.954
100 _929868
_aDhingra, Ishwar C.
245 _aThe Indian economy :
_cby Ishwar C. Dhingra
_benvironment & policy /
250 _a26th thoroughly rev. ed
260 _aNew Delhi
_bSultan Chand
_c2011
270 _a23, Daryaganj
_bNew Delhi
_e110002
300 _axxii,834p.
_c25cm (pbk)
500 _aIncludes index
650 _929869
651 _91549
700 _929871
942 _2ddc
_cEN
_h330.954
_mDHI
999 _c54373
_d54373